On local rating in England, Scotland and Ireland (Record no. 114378)

MARC details
000 -LEADER
fixed length control field 00714cam a22001935a 4500
001 - CONTROL NUMBER
control field L156710
008 - FIXED-LENGTH DATA ELEMENTS--GENERAL INFORMATION
fixed length control field 120627s1871 xxk f 000 0 eng d
035 ## - SYSTEM CONTROL NUMBER
System control number (Sirsi) u156710
041 0# - LANGUAGE CODE
Language code of text/sound track or separate title eng
100 1# - MAIN ENTRY--PERSONAL NAME
Personal name Dashwood, F. L.
245 00 - TITLE STATEMENT
Title On local rating in England, Scotland and Ireland
Remainder of title and how to enlist the co-operation of owners and occupiers both large and small in advancing primary education and diminishing pauperism.
260 ## - PUBLICATION, DISTRIBUTION, ETC.
Place of publication, distribution, etc. London
Name of publisher, distributor, etc. William Ridgway
Date of publication, distribution, etc. 1871
300 ## - PHYSICAL DESCRIPTION
Extent 392 p.
Dimensions 23 cm.
520 ## - SUMMARY, ETC.
Summary, etc. Contains annotations, and a handwritten index.
583 ## - ACTION NOTE
Action Condition reviewed
Time/date of action 20120620
Status condition level 4
651 #4 - SUBJECT ADDED ENTRY--GEOGRAPHIC NAME
Geographic name Great Britain
Chronological subdivision 1707-
690 ## - LOCAL SUBJECT ADDED ENTRY--TOPICAL TERM (OCLC, RLIN)
Topical term or geographic name as entry element Finance and taxation
942 ## - ADDED ENTRY ELEMENTS (KOHA)
Suppress in OPAC 0
Holdings
Withdrawn status Lost status Source of classification or shelving scheme Damaged status Not for loan Home library Current library Shelving location Date acquired Total Checkouts Full call number Barcode Date last seen Copy number Price effective from Koha item type
    Dewey Decimal Classification     Historic collection Historic collection Historic collection 27/06/2012   QUARTO 1871 DASHWOOD 30077054 06/08/2019 1 06/08/2019 Book